El ABC de la estadística de comercio exterior de México / (Record no. 177)

MARC details
000 -CABECERA
campo de control de longitud fija 00625nam a2200181 a 4500
005 - FECHA Y HORA DE LA ÚLTIMA TRANSACCIÓN
campo de control 20210223120409.0
008 - ELEMENTOS DE LONGITUD FIJA--INFORMACIÓN GENERAL
campo de control de longitud fija 991125s1994 mx 000 0 spa u
020 ## - NÚMERO INTERNACIONAL NORMALIZADO PARA LIBROS
Número Internacional Estándar del Libro 9688925136
035 ## - NÚMERO DE CONTROL DEL SISTEMA
Número de control de sistema UPN01000000177
049 ## - COLECCIÓN
Colección C
050 #4 - SIGNATURA TOPOGRÁFICA DE LA BIBLIOTECA DEL CONGRESO
Número de clasificación HA763
Número de documento/Ítem C64
110 2# - ASIENTO PRINCIPAL--NOMBRE CORPORATIVO
Nombre de entidad corporativa o nombre de jurisdicción como elemento de entrada Instituto Nacional de Estadística, Geografía e Informática (México)
245 13 - MENCIÓN DE TÍTULO
Título El ABC de la estadística de comercio exterior de México /
Mención de responsabilidad, etc. Instituto Nacional de Estadística, Geografía e Informática.
260 ## - PUBLICACIÓN, DISTRIBUCIÓN, ETC.
Lugar de publicación, distribución, etc. México :
Nombre del editor, distribuidor, etc. INEGI,
Fecha de publicación, distribución, etc. 1994.
300 ## - DESCRIPCIÓN FÍSICA
Extensión 24 p.
650 #4 - ASIENTO SECUNDARIO DE MATERIA - TERMINO TEMATICO
Término de materia o nombre geográfico como elemento de entrada COMERCIO EXTERIOR -
Subdivisión general REGULACION -
Subdivisión geográfica MEXICO -
Subdivisión de forma MANUALES
9 (RLIN) 9850
905 ## - TIPO DE MATERIAL
Tipo de material Libro
Holdings
Estado de retiro Estado de pérdida Fuente del sistema de clasificación o colocación Estado dañado No para préstamo Código de colección Localización permanente Ubicación/localización actual Ubicación en estantería Total de préstamos Clasificación Código de barras Fecha visto por última vez Número de copia Tipo de ítem Koha
    Library of Congress Classification   Consulta Consulta Bib. Gregorio Torres Quintero Bib. Gregorio Torres Quintero Sala de lectura Sótano   HA763 C64 18259F 31/12/2020 1 Libro
    Library of Congress Classification   Consulta Consulta Bib. Gregorio Torres Quintero Bib. Gregorio Torres Quintero Sala de lectura Sótano   HA763 C64 20845F 31/12/2020 1 Libro